02166nam a2200289 i 4500001000700000003000900007005001700016008004100033017005500074020001800129040001800147100005300165245010200218260003900320264001100359300002800370336002200398337003000420338002400450520101900474600004101493852011701534903005301651942001801704999001901722952013501741196284ES-MaACL20260216183929.0240828b2024 sp ||||| |||| 00| 0 spa d aCC 000151-2024bOficina Depósito Legal Cáceres a9788412829594 bspacES-MaACL1 aRamos Rubio, José Antonio,d1963-eaut9174430 aEl comendador de las letras : bHistoria y vida de Tirso de Molina / cJosé Antonio Ramos Rubio aCáceres : bTau Editores, c2024 a©2024 a192 páginas ; c24 cm 2rdacontentatexto 2rdamediaasin mediación 2rdacarrieravolumen aEncontrarás en este libro un ser que dedicó la vida, sus sueños, su fe y su alma a la literatura y al amor a Dios. Gabriel Téllez, conocido como “Tirso de Molina”, seudónimo del fraile mercedario, fue un teólogo profundo, predicador elocuente, sensato y prudente con virtudes admirables. Fue un genial dramaturgo que bastaría una sola obra para inmortalizar su nombre. El condenado por desconfiado, es una obra que le coloca entre los más insignes autores dramáticos por su profundidad argumental, sólo un teólogo admirable como Tirso de Molina, es capaz de resolver el tremendo conflicto entre la predestinación y el libre albedrío. Su merecida fama saltó las fronteras, aún incluso estando en vida, llegando a Londres aureolando el nombre del autor mercedario. Reconocido unánimemente como una de las más grandes figuras de la literatura española, Tirso de Molina comparte con Lope de Vega y Calderón de la Barca la primacía del teatro español de la época áurea.149226522aMolina, Tirso de,d1579-1648 aES-MaACLcDEPOJjN-10129hDonación: José Antonio Ramos RubioxEncuadernación rústica con solapas9206262 aRamos Rubio, José Antonio,d1963-ednr9174430 cMONOGRAFIAn0 c196284d196284 00102udc4070aATENEOMbATENEOMcDEPOJd2025-07-19eDONACIONl0oN-10129p2025-0647r2025-07-19 00:00:00w2025-07-19yMONOGRAFIA